Statistics for Survivor Contestants Who Improved on a Return

Click here to take the quiz!

General Stats

  • This quiz has been taken 35 times
  • The average score is 26 of 31

Answer Stats

Answer% Correct
Amber Mariano
100%
Rob Mariano
100%
Cirie Fields
92%
Jeremy Collins
92%
Kelley Wentworth
92%
Parvati Shallow
92%
Sarah Lacina
92%
Spencer Bledsoe
92%
Bobby Jon Drinkard
88%
Coach Wade
88%
John Cochran
88%
Kimmi Kappenberg
88%
Amanda Kimmel
85%
Jerri Manthey
85%
Rupert Boneham
85%
Tasha Fox
85%
Tyson Apostle
85%
Brad Culpepper
81%
Gervase Peterson
81%
Jenna Lewis
81%
Joe Anglim
81%
Michael Skupin
81%
Alicia Calaway
77%
Brenda Lowe
77%
Dawn Meehan
77%
Monica Culpepper
77%
Stephenie Lagrossa
77%
Troyzan Robertson
77%
Shii Ann Huang
69%
Laura Morett
65%
Michaela Bradshaw
65%

Score Distribution

Percentile by Number Answered

Percent of People with Each Score

Your Score History

You have not taken this quiz